000 00375nam a2200109Ia 4500
008 240731s9999 xx 000 0 und d
245 0 _aGeographic Information Sciences : A Journal of the Association of Chinese Professionals in Geographic Information Systems
260 _bTaylor & Francis
856 _uhttps://www.tandfonline.com/loi/tagi19
942 _2ddc
942 _cTFEJ
999 _c76712
_d76712
945 _a1
_bMadushi Gamage
_c1
_dMadushi Gamage